Теплофизические вопросы панельно-лучистого охлаждения помещения (Запись № 11347645)

Подробности
000 -МАРКЕР
контрольное поле 01785nam0a2200325 4500
001 - ИДЕНТИФИКАТОР ЗАПИСИ
контрольное поле RU\NLR\BIBL_A\011988938
005 - ИДЕНТИФИКАТОР ВЕРСИИ
контрольное поле 20260407120402.0
010 ## - МЕЖДУНАРОДНЫЙ СТАНДАРТНЫЙ НОМЕР КНИГИ (ISBN)
Цена 40 к.
Тираж 1800
021 ## - НОМЕР ГОСУДАРСТВЕННОЙ РЕГИСТРАЦИИ
Код страны Российская Федерация
Номер 64-78164
035 ## - ДРУГИЕ СИСТЕМНЫЕ НОМЕРА
Идентификатор записи (NLR Aleph) 011988938
100 ## - ДАННЫЕ ОБЩЕЙ ОБРАБОТКИ
Данные общей обработки 20190221d1964 |||y0rusy50 ca
101 0# - ЯЗЫК РЕСУРСА
Язык текста, звукозаписи и т.д. русский
102 ## - СТРАНА ПУБЛИКАЦИИ ИЛИ ПРОИЗВОДСТВА
Страна публикации Российская Федерация
105 ## - ПОЛЕ КОДИРОВАННЫХ ДАННЫХ: ТЕКСТОВЫЕ МАТЕРИАЛЫ, МОНОГРАФИЧЕСКИЕ
Кодированные данные о монографическом текстовом документе a|||z|||000zy
200 1# - ЗАГЛАВИЕ И СВЕДЕНИЯ ОБ ОТВЕТСТВЕННОСТИ
Основное заглавие Теплофизические вопросы панельно-лучистого охлаждения помещения
Сведения, относящиеся к заглавию [сборник статей]
Первые сведения об ответственности под общ. ред. канд. техн. наук, доц. В.Н. Богословского
210 ## - ПУБЛИКАЦИЯ, РАСПРОСТРАНЕНИЕ И ДР.
Место издания, распространения и т.д. Москва
Дата издания, распространения и т.д. 1964
215 ## - ФИЗИЧЕСКАЯ ХАРАКТЕРИСТИКА
Специфическое обозначение материала и объем 88 с.
Другие сведения о физической характеристике ил.
Размеры 20
225 1# - СЕРИЯ
Основное заглавие серии Сборник трудов
Сведения об ответственности Моск. ордена Трудового Красного Знамени инж.-строит. ин-т им. В.В. Куйбышева. Кафедра отопления и вентиляции
Обозначение тома вып. 48
320 ## - ПРИМЕЧАНИЯ О НАЛИЧИИ В ДОКУМЕНТЕ БИБЛИОГРАФИИ / УКАЗАТЕЛЯ
Текст примечания Библиогр. в конце статей
606 ## - НАИМЕНОВАНИЕ ТЕМЫ КАК ПРЕДМЕТ
Наименование темы Кондиционирование воздуха
Формальный подзаголовок Сборники
Тематический подзаголовок Тепловые процессы
Системный номер авторитетной/нормативной записи 1352254
Идентификатор авторитетной/нормативной записи RU\NLR\AUTH\66564838
686 1# - ИНДЕКСЫ ДРУГИХ КЛАССИФИКАЦИЙ
Индекс Н762.3я43
702 #1 - ИМЯ ЛИЦА - ВТОРИЧНАЯ ОТВЕТСТВЕННОСТЬ
Код отношения Редактор
Графика поля Кириллица
Материалы, к которым относится поле rus
Начальный элемент ввода Богословский
Часть имени, кроме начального элемента ввода В. Н.
Дополнения к именам, кроме дат д-р техн. наук
Даты 1923-2001
Расширение инициалов личного имени Вячеслав Николаевич
Системный номер авторитетной/нормативной записи 210025
Идентификатор авторитетной/нормативной записи RU\NLR\AUTH\770210079
712 02 - НАИМЕНОВАНИЕ ОРГАНИЗАЦИИ - ВТОРИЧНАЯ ОТВЕТСТВЕННОСТЬ
Код отношения Издатель
Начальный элемент ввода Московский инженерно-строительный институт им. В. В. Куйбышева
Идентификатор авторитетной/нормативной записи RU\NLR\AUTH\889951576
Системный номер авторитетной/нормативной записи 399103
852 ## - МЕСТОНАХОЖДЕНИЕ И ШИФР ХРАНЕНИЯ
Идентификатор организации NLR
Шифр хранения (Call Number) П10/790 (вып. 48)
942 ## - ДОПОЛНИТЕЛЬНЫЕ ЭЛЕМЕНТЫ ЗАПИСИ (АБИС)
Тип экземпляра АБИС Книга
980 ## - КОЛЛЕКЦИЯ
Название коллекции Национальная библиография

Нет доступных экземпляров.